Insects As Natural Enemies A Practical Perspective /

Over the past three decades there has been a dramatic increase in theoretical and practical studies on insect natural enemies. The appeal of insect predators, and parasitoids in particular, as research animals derives from the relative ease with which many species may be cultured and experimented wi...

Full description

Bibliographic Details
Corporate Author: SpringerLink (Online service)
Other Authors: Jervis, Mark A. (Editor)
Format: Electronic eBook
Language:English
Published: Dordrecht : Springer Netherlands, 2005.
Subjects:
Online Access:Full Text via HEAL-Link
LEADER 03131nam a22004935i 4500
001 978-1-4020-2625-6
003 DE-He213
005 20151204145612.0
007 cr nn 008mamaa
008 100301s2005 ne | s |||| 0|eng d
020 |a 9781402026256  |9 978-1-4020-2625-6 
024 7 |a 10.1007/978-1-4020-2625-6  |2 doi 
040 |d GrThAP 
050 4 |a QL461-599.82 
072 7 |a PSVT7  |2 bicssc 
072 7 |a SCI025000  |2 bisacsh 
082 0 4 |a 595.7  |2 23 
245 1 0 |a Insects As Natural Enemies  |h [electronic resource] :  |b A Practical Perspective /  |c edited by Mark A. Jervis. 
264 1 |a Dordrecht :  |b Springer Netherlands,  |c 2005. 
300 |a XIV, 748 p.  |b online resource. 
336 |a text  |b txt  |2 rdacontent 
337 |a computer  |b c  |2 rdamedia 
338 |a online resource  |b cr  |2 rdacarrier 
347 |a text file  |b PDF  |2 rda 
505 0 |a Foraging Behaviour -- The Life-cycle -- Genetics -- Mating Behaviour -- Mating Systems -- Populations and Communities -- Population Dynamics -- Phytophagy. 
520 |a Over the past three decades there has been a dramatic increase in theoretical and practical studies on insect natural enemies. The appeal of insect predators, and parasitoids in particular, as research animals derives from the relative ease with which many species may be cultured and experimented with in the laboratory, the simple life cycles of most parasitoids, and the increasing demand for biological pest control. There is now a massive literature on insect natural enemies, so there is a great need for a general text that the enquiring student or research worker can use in deciding on approaches and techniques that are appropriate to the study and evaluation of such insects. This book fulfils that demand. A considerably updated and expanded version of a previous best-seller, it is an account of major aspects of the biology of predators and parasitoids, punctuated with information and advice on which experiments or observations to conduct, and how to carry them out. Guidance is provided, where necessary, on the literature that may need to be consulted on particular topics. While researchers can now refer to several books on parasitoids and predators, Insects as Natural Enemies is unique in emphasising practicalities. It is aimed at students and professional working in universities and both government and commercial institutes in the fields of pest management, agriculture, horticulture and forestry. 
650 0 |a Life sciences. 
650 0 |a Evolutionary biology. 
650 0 |a Plant pathology. 
650 0 |a Zoology. 
650 0 |a Entomology. 
650 1 4 |a Life Sciences. 
650 2 4 |a Entomology. 
650 2 4 |a Plant Pathology. 
650 2 4 |a Animal Systematics/Taxonomy/Biogeography. 
650 2 4 |a Evolutionary Biology. 
650 2 4 |a Zoology. 
700 1 |a Jervis, Mark A.  |e editor. 
710 2 |a SpringerLink (Online service) 
773 0 |t Springer eBooks 
776 0 8 |i Printed edition:  |z 9781402017346 
856 4 0 |u http://dx.doi.org/10.1007/978-1-4020-2625-6  |z Full Text via HEAL-Link 
912 |a ZDB-2-SBL 
950 |a Biomedical and Life Sciences (Springer-11642)